000 00519nam a2200133Ia 4500
008 220216s9999 xx 000 0 und d
100 _aAhmad B
245 0 _aPhysiological and morphological characteristics of Hevea rootstocks in response to water stress
260 _bProceedings : Indonesian Rubber Conference and IRRDB symposiun 2000 Indonesian Rubber Research Institute, Bogor, Indonesia, 12-14 September 2000.V.II. pp.533-555.
650 _aHevea
650 _aRootstock
650 _aWater stress
942 _cJS
999 _c64978
_d64978